• 首页
  • 本馆介绍
  • 公告通知
  • 最新文献
  • 馆藏检索
  • 电子资源
  • 读者导购
  • 参考咨询
  • 我的图书馆
  • 登录
  • 详细信息显示
  • 放入我的书架
  • 预约/预借图书
  • 作者相关作品
  • 分类相关作品
  • 丛书相关作品
  • 出版社相关作品

书目信息

  • 表格格式
  • 工作单格式
  • 卡片格式
题名:
图书馆文献资源建设与利用研究
    
 
作者: 蔡平秋 著
分册:  
出版信息: 北京   北京工业大学出版社  2020
页数: 178页
开本: 26cm
丛书名:
单 册:
中图分类: G253 , G25
科图分类:
主题词: 图书馆工作--文献资源建设--研究
电子资源:
ISBN: 978-7-5639-7748-2
000 01014nam0 2200253 450
001 2374567735
005 20231123204303.20
010    @a978-7-5639-7748-2@dCNY58.00
100    @a20211130e20212020em y0chiy50 ea
101 0  @achi
102    @aCN@b110000
105    @ay az 000yy
200 1  @a图书馆文献资源建设与利用研究@9tu shu guan wen xian zi yuan jian she yu li yong yan jiu@f蔡平秋著
210    @a北京@c北京工业大学出版社@d2020@h2021重印
215    @a178页@d26cm
314    @a蔡平秋,女,1972年生,大学本科,副研究馆员,现任攀枝花市图书馆业务副馆长。
320    @a有书目 (第177-178页)
330    @a本书主要阐述了图书馆文献资源建设的现状、图书馆文献资源的类型分析、图书馆文献信息资源的建设、图书馆文献信息资源的检索以及图书馆文献信息资源的利用等内容,这对新时期的图书馆文献信息资源建设与利用具有非常重要的意义。
606 0  @a图书馆工作@x文献资源建设@x研究
690    @aG253@v5
690    @aG25@v4
701  0 @a蔡平秋@9cai ping qiu@f(1972-)@4著
801  0 @aCN@b山东中教@c20220125
905    @aBZT@dG25@e19
    
    图书馆文献资源建设与利用研究/蔡平秋著.-北京:北京工业大学出版社,2020(2021重印)
    178页;26cm
    
    
    ISBN 978-7-5639-7748-2:CNY58.00
    本书主要阐述了图书馆文献资源建设的现状、图书馆文献资源的类型分析、图书馆文献信息资源的建设、图书馆文献信息资源的检索以及图书馆文献信息资源的利用等内容,这对新时期的图书馆文献信息资源建设与利用具有非常重要的意义。
●
相关链接 在五车中查询图书 在当当中查询图书 在豆瓣中查询图书


正题名:图书馆文献资源建设与利用研究     索取号:G25/19         预约/预借

序号 登录号 条形码 馆藏地/架位号 状态 备注
1 2001040034   2001040034   中教第一批/山东中教(第一批)/618/ [索取号:G25/19] 在馆    
2 2001040035   2001040035   中教第一批/山东中教(第一批)/618/ [索取号:G25/19] 在馆    
3 2001040036   2001040036   中教第一批/山东中教(第一批)/618/ [索取号:G25/19] 在馆    
4 2001040037   2001040037   中教第一批/山东中教(第一批)/618/ [索取号:G25/19] 在馆    
5 2001040038   2001040038   中教第一批/山东中教(第一批)/618/ [索取号:G25/19] 在馆    
6 2001040039   2001040039   中教第一批/山东中教(第一批)/618/ [索取号:G25/19] 在馆    
山东省滨州职业学院图书馆 欢迎您!
大连网信软件有限公司© 版权所有